[Event "DEN-ch Kort1 Gr-2"]
[Site "Svendborg"]
[Date "2022.04.11"]
[Round "4"]
[White "Hagen, Frida Bjerregaard"]
[Black "Hojland, Jeppe"]
[Result "0-1"]
[WhiteElo "1293"]
[BlackElo "1612"]
[PlyCount "114"]
[EventDate "2022.04.09"]
[EventType "swiss"]
[EventRounds "5"]
[EventCountry "DEN"]
[SourceTitle "EXT 2024"]
[Source "ChessBase"]
[SourceDate "2023.10.10"]
[SourceVersion "1"]
[SourceVersionDate "2023.10.10"]
[SourceQuality "1"]

1. e4 c6 2. Nc3 d5 3. Nf3 dxe4 4. Nxe4 Bg4 5. Be2 e6 6. 0-0 Nf6 7. Nxf6+ Qxf6 8. d4 Nd7 9. Bg5 Qg6 10. Bd3 Qh5 11. Be2 Bxf3 12. Bxf3 Qxg5 13. Qd3 g6 14. Rfe1 Bg7 15. c3 0-0 16. Rad1 Rad8 17. b3 Ne5 18. Qe2 Nxf3+ 19. Qxf3 Rd5 20. Qe4 Rfd8 21. Kh1 c5 22. Qe2 cxd4 23. cxd4 Rxd4 24. Qc2 Rxd1 25. Rxd1 Rxd1+ 26. Qxd1 Bh6 27. Kg1 Qc1 28. Qxc1 Bxc1 29. Kf1 f5 30. Ke2 e5 31. Kd3 Kf7 32. Kc4 Ke6 33. Kc5 e4 34. Kd4 Kd6 35. a4 Ba3 36. f3 Bc5+ 37. Kc3 e3 38. Kd3 Kd5 39. g3 g5 40. h3 f4 41. g4 Bb4 42. Ke2 Kd4 43. a5 Bxa5 44. b4 Bxb4 45. h4 gxh4 46. g5 h3 47. g6 hxg6 48. Kf1 h2 49. Kg2 e2 50. Kxh2 e1Q 51. Kg2 Qg3+ 52. Kh1 Qxf3+ 53. Kh2 g5 54. Kg1 g4 55. Kh2 g3+ 56. Kh3 g2+ 57. Kh4 Be7# 0-1

[Event "DEN-ch Kort1 Gr-2"]
[Site "Svendborg"]
[Date "2022.04.10"]
[Round "3"]
[White "Hojland, Jeppe"]
[Black "Nielsen, Mads Emanuel"]
[Result "0-1"]
[WhiteElo "1612"]
[BlackElo "1610"]
[PlyCount "96"]
[EventDate "2022.04.09"]
[EventType "swiss"]
[EventRounds "5"]
[EventCountry "DEN"]
[SourceTitle "EXT 2024"]
[Source "ChessBase"]
[SourceDate "2023.10.10"]
[SourceVersion "1"]
[SourceVersionDate "2023.10.10"]
[SourceQuality "1"]

1. c4 e5 2. Nc3 Nc6 3. g3 Nf6 4. Bg2 Bb4 5. d3 0-0 6. Bd2 d6 7. Nf3 h6 8. 0-0 Be6 9. a3 Bxc3 10. Bxc3 Qd7 11. b4 Bh3 12. b5 Ne7 13. Qc2 Bxg2 14. Kxg2 c5 15. h3 Nh7 16. Nh2 Ng5 17. g4 Ng6 18. Bd2 f5 19. Bxg5 hxg5 20. e3 Nh4+ 21. Kh1 f4 22. e4 f3 23. Qd2 Rf4 24. a4 Qe6 25. Rg1 Qh6 26. Rg3 Rf6 27. Re1 Ng2 28. Nxf3 Nxe1 29. Nxe1 Raf8 30. f3 R6f7 31. Kh2 Qf6 32. Ng2 Qd8 33. Ne1 a6 34. Rg2 Qf6 35. Rf2 Qf4+ 36. Qxf4 gxf4 37. h4 axb5 38. axb5 Ra8 39. Kh3 b6 40. h5 Rfa7 41. Kg2 Ra1 42. Kf1 Rc1 43. Rd2 Raa1 44. Re2 Rd1 45. Kf2 Rac1 46. g5 Kh7 47. Kf1 Rxd3 48. Kf2 Rdd1 0-1

[Event "Varde Weekend-C"]
[Site "Varde"]
[Date "2016.05.01"]
[Round "4"]
[White "Hojland, Jeppe"]
[Black "Henriksen, Ole"]
[Result "1-0"]
[WhiteElo "1291"]
[BlackElo "1403"]
[PlyCount "49"]
[EventDate "2016.04.16"]
[EventType "swiss"]
[EventRounds "5"]
[EventCountry "DEN"]
[SourceTitle "EXT 2023"]
[Source "ChessBase"]
[SourceDate "2022.10.05"]
[SourceVersion "1"]
[SourceVersionDate "2022.10.05"]
[SourceQuality "1"]

1. c4 e5 2. Nc3 Nf6 3. Nf3 Nc6 4. g3 Be7 5. Bg2 d6 6. 0-0 0-0 7. d4 exd4 8. Nxd4 Ne5 9. b3 c6 10. Qc2 Re8 11. Bb2 a6 12. Rad1 g6 13. h3 c5 14. Nf3 Nc6 15. e4 Qc7 16. Nd5 Nxd5 17. exd5 Ne5 18. Nxe5 dxe5 19. Rfe1 Bd6 20. f4 Bd7 21. fxe5 Bxe5 22. Rxe5 Rxe5 23. d6 Bf5 24. dxc7 Bxc2 25. Rd8+ 1-0